| 000 | 00524 a2200181 4500 | ||
|---|---|---|---|
| 020 | _a0136300707 | ||
| 040 |
_aDLC _bEnglish |
||
| 082 | 0 | 0 | _a005.1 |
| 100 | 1 | _aCoad, Peter. | |
| 245 | 1 | 0 |
_aObject-oriented design _cPeter Coad and Edward Yourdon. |
| 260 |
_aEnglewood Cliffs, N.J. : _bYourdon Press, _cc1991. |
||
| 300 |
_axvi, 197 p. : _bill. ; _c24 cm. |
||
| 440 | 0 | _aYourdon Press computing series | |
| 650 | 0 | _aSystem analysis. | |
| 650 | 0 | _aSoftware engineering. | |
| 700 | 1 | _aYourdon, Edward. | |
| 942 |
_cBK _k005.1 COA _2ddc |
||
| 999 |
_c4214 _d4214 |
||